000
00172nam a22000857a 4500
082
_a
894.812
100
_a
NADARAJAN, NAVARANGAM
245
_a
ARIYAPPEDATHA AYALKAR
942
_c
BK
999
_c
8082
_d
8082